Evaluación de los proyectos de la Campaña Mundial contra el Hambre Acción Pro Desarrollo

保存先:
書誌詳細
第一著者: Ojeda Segovia, Lautaro
フォーマット: テキスト
出版事項: Roma: FAO
タグ: タグ追加
タグなし, このレコードへの初めてのタグを付けませんか!

MARC

LEADER 00000 a a2200000 04500
001 17381
003
040
090 |a 020300  
100 |a Ojeda Segovia, Lautaro  
245 |a Evaluación de los proyectos de la Campaña Mundial contra el Hambre Acción Pro Desarrollo  
260 |a Roma:   |b FAO  
300 |a 181 p.  
999 |c 15100  |d 15100